00294pam a2200121 a 4500020002400000041000500024082001000029100002100039245007000060250001100130260002300141300000800164 a978-81-795-8333-5c h a512.5 aLay D C eAuthor aLinear Algebra and its ApplicationscLay D C hTextual Documents  a3rd ED bPearson Pub.c2011 a112